| 000 -ლიდერი |
| ფიქსირებული სიგრძის საკონტროლო ველი |
02345nam a22003137a 4500 |
| 003 - საკონტროლო ნომრის იდენტიფიკატორი |
| საკონტროლო ველი |
Ge_BSU |
| 005 - ბოლო ოპერაციის თარიღი და დრო |
| საკონტროლო ველი |
20250530105936.0 |
| 008 - ფიქსირებული სიგრძის მონაცემთა ელემენტები - ზოგადი ინფორმაცია |
| ფიქსირებული სიგრძის საკონტროლო ველი |
250530s2019 ge ||||| |||| 00| 0 geo d |
| 020 ## - წიგნის საერთაშორისო სტანდარტული ნომერი |
| International Standard Book Number |
9789941183232 |
| 041 ## - ენის კოდი |
| Language code of text/sound track or separate title |
geo |
| 080 ## - უნივერსალური ათობითი კლასიფიკაციის ინდექსი |
| Universal Decimal Classification number |
1(479.22)(092) ბ-95 |
| 245 ## - ცნობა სათაურის შესახებ |
| Title |
ფილოსოფიური არქივი. ტომი 1 / |
| Statement of responsibility, etc |
თამაზ ბუაჩიძე; ილიას სახელმწიფო უნივერსიტეტი, სავლე წერეთლის ფილოსოფიის ინსტიტუტი ; ფილოსოფიური არქივი ; სამეცნიერო რედაქტორები: თამარ ცოფურაშვილი, მერი ცუცქირიძე. |
| 264 ## - წარმოების, გამოცემის, დისტრიბუციის და სხვა ცნობები |
| გამოცემის, წარმოების, დისტრიბუციის... ადგილი |
თბილისი : |
| გამოცემის, წარმოების, დისტრიბუციის... სახელწოდება |
ილიას სახელმწიფო უნივერსიტეტის გამომცემლობა, |
| გამოცემის, წარმოების, დისტრიბუციის... თარიღი |
2019. |
| 300 ## - ფიზიკური აღწერა |
| Extent |
444 გვ. ; |
| Other physical details |
20 სმ. |
| 501 ## - შენიშვნა თანმხლებ მასალაზე |
| With note |
საძიებლები: გვ. 416-444. |
| 653 ## - INDEX TERM--UNCONTROLLED |
| Uncontrolled term |
ბუაჩიძე, თამაზ |
| 653 ## - INDEX TERM--UNCONTROLLED |
| Uncontrolled term |
ქართული ფილოსოფია |
| 653 ## - INDEX TERM--UNCONTROLLED |
| Uncontrolled term |
ქართველი ფილოსოფოსები |
| 700 ## - ADDED ENTRY--PERSONAL NAME |
| Personal name |
თევზაძე, გურამ |
| Relator term |
ავტორი |
| 9 (RLIN) |
25179 |
| 700 ## - ADDED ENTRY--PERSONAL NAME |
| Personal name |
ბეგიაშვილი, არჩილ |
| Relator term |
ავტორი |
| 9 (RLIN) |
25180 |
| 700 ## - ADDED ENTRY--PERSONAL NAME |
| Personal name |
ერქომაიშვილი, ვახტანგ |
| Relator term |
ავტორი |
| 9 (RLIN) |
944 |
| 700 ## - ADDED ENTRY--PERSONAL NAME |
| Personal name |
ჯუღელი, ოთარ |
| Relator term |
ავტორი |
| 9 (RLIN) |
25181 |
| 700 ## - ADDED ENTRY--PERSONAL NAME |
| Personal name |
ბაჩულაშვილი, გაბრიელ |
| Relator term |
ავტორი |
| 9 (RLIN) |
3559 |
| 700 ## - ADDED ENTRY--PERSONAL NAME |
| Personal name |
ბაქრაძე, არჩილ |
| Relator term |
ავტორი |
| 9 (RLIN) |
19134 |
| 700 ## - ADDED ENTRY--PERSONAL NAME |
| Personal name |
ცოფურაშვილი, თამარ |
| Relator term |
სამეცნიერო რედაქტორი |
| 9 (RLIN) |
11793 |
| 700 ## - ADDED ENTRY--PERSONAL NAME |
| Personal name |
ცუცქირიძე, მერი |
| Relator term |
სამეცნიერო რედაქტორი |
| 9 (RLIN) |
10248 |
| 710 ## - ADDED ENTRY--CORPORATE NAME |
| Corporate name or jurisdiction name as entry element |
ილიას სახელმწიფო უნივერსიტეტი. სავლე წერეთლის ფილოსოფიის ინსტიტუტი. |
| Subordinate unit |
ფილოსოფიური არქივი. |
| 9 (RLIN) |
25182 |
| 942 ## - ADDED ENTRY ELEMENTS (KOHA) |
| Source of classification or shelving scheme |
|
| Koha item type |
წიგნი |